000
00307nam a22001337a 4500
003
SGT
020
_a
9780893890704
082
_a
820
_b
L78A
100
_a
AJAYA, SWAMI
245
_a
LIVING WITH THE HIMALAYAN MASTERS
260
_b
HIMALAYAN INTERNATIONAL INSTITUTE
_c
1978
300
_a
487
942
_2
ddc
_c
BK
999
_c
29065
_d
29065